Mi sistema (Record no. 113247)

MARC details
000 -LEADER
campo de control de longitud fija 00629nam a2200205 i 4500
001 - NÚMERO DE CONTROL
campo de control 113247
003 - IDENTIFICADOR DE NÚMERO DE CONTROL
campo de control ES-MaACL
005 - FECHA Y HORA DE LA ÚLTIMA TRANSACCIÓN
campo de control 20251015063114.0
007 - CAMPO FIJO DE DESCRIPCIÓN FÍSICA--INFORMACIÓN GENERAL
campo de control de longitud fija t|
008 - DATOS DE LONGITUD FIJA--INFORMACIÓN GENERAL
campo de control de longitud fija 061121s1972 sp a |||| | spa d
100 1# - ENTRADA PRINCIPAL--NOMBRE DE PERSONA
Nombre de persona Nimzowitsch, Arón,
Fechas asociadas al nombre 1886-1935
9 (RLIN) 165011
245 10 - MENCIÓN DEL TÍTULO
Título Mi sistema
Resto del título : nuevo método de enseñanza /
Mención de responsabilidad, etc. Aaron Nimzowitch ; versión y revisión de Julio Ganzo.
250 ## - MENCION DE EDICION
Mención de edición 4ª ed.
260 ## - PUBLICACIÓN, DISTRIBUCIÓN, ETC.
Lugar de publicación, distribución, etc. Madrid :
Nombre del editor, distribuidor, etc. Ricardo Aguilera,
Fecha de publicación, distribución, etc. 1972.
300 ## - DESCRIPCIÓN FÍSICA
Extensión 302 p. :
Otras características físicas il. ;
Dimensiones 21 cm.
650 04 - PUNTO DE ACCESO ADICIONAL DE MATERIA--TÉRMINO DE MATERIA
Término de materia o nombre geográfico como elemento de entrada Ajedrez.
9 (RLIN) 9707
700 1# - ENTRADA AGREGADA--NOMBRE PERSONAL
Nombre de persona Ganzo, Julio.
9 (RLIN) 53894
852 ## - LOCALIZACIÓN
Ubicación ES-MaACL
Número de control de estantería C-52077
Holdings
Estatus retirado Estado de pérdida Estado de daño No para préstamo Biblioteca de origen Biblioteca actual Ubicación en estantería Fecha de adquisición Fuente de adquisición Total de préstamos Signatura topográfica completa Código de barras Visto por última vez Precio de reemplazo Tipo de ítem Koha
        Biblioteca del Ateneo de Madrid Biblioteca del Ateneo de Madrid Depósito 2 17/01/2008     C-52077 1118119 23/02/2023 23/02/2023 Libro impreso